Statistics for Top 50 All-Time Points Scorers in F1

Click here to take the quiz!

General Stats

  • This quiz has been taken 44 times
  • The average score is 38 of 50

Answer Stats

PointsDriverNationality% Correct
1874.5Ayrton SennaBrazil
100%
3123Fernando AlonsoSpain
100%
5033.5Lewis HamiltonUnited Kingdom
100%
2554.5Max VerstappenNetherlands
100%
3961Michael SchumacherGermany
100%
1102Ralf SchumacherGermany
100%
3321Sebastian VettelGermany
100%
2508.5Alain ProstFrance
97%
2830Kimi RaikkonenFinland
97%
1048Charles LeclercMonaco
94%
821.1Juan Manuel FangioArgentina
94%
1406Mika HakkinenFinland
94%
1361Niki LaudaAustria
94%
1806Valtteri BottasFinland
94%
1326Daniel RicciardoAustralia
92%
1696Felipe MassaBrazil
92%
1757Nico RosbergGermany
92%
1906Rubens BarrichelloBrazil
92%
1108Damon HillUnited Kingdom
89%
1061Graham HillUnited Kingdom
89%
1844.5Jenson ButtonUnited Kingdom
89%
981.5Carlos SainzSpain
86%
1376Mark WebberAustralia
86%
1460Sergio PerezMexico
86%
1700Nelson PiquetBrazil
83%
861Jacques VilleneuveCanada
81%
834Juan Pablo MontoyaColombia
81%
1521Nigel MansellUnited Kingdom
81%
999Emerson FittipaldiBrazil
78%
1741David CoulthardUnited Kingdom
75%
944.3Jack BrabhamAustralia
75%
1123Jackie StewartUnited Kingdom
72%
1034Jean AlesiFrance
72%
899Jody ScheckterSouth Africa
72%
1425.5Gerhard BergerAustria
67%
942Giancarlo FisichellaItaly
67%
756.5Bruce MclarenNew Zealand
64%
857Jim ClarkUnited Kingdom
61%
805Jarno TrulliItaly
58%
1116Riccardo PatreseItaly
56%
829.5Clay RegazzoniSwitzerland
53%
947Denny HulmeNew Zealand
53%
790Eddie IrvineUnited Kingdom
47%
785Heinz-Harald FrentzenGermany
47%
1128.5Carlos ReutemannArgentina
44%
767Michele AlboretoItaly
39%
720Nick HeidfeldGermany
39%
731Ronnie PetersonSweden
39%
923Jacques LaffiteFrance
28%
736.5John WatsonUnited States
25%

Score Distribution

Percentile by Number Answered

Percent of People with Each Score

Your Score History

You have not taken this quiz